| 000 | 00750nam a2200253 a 4500 | ||
|---|---|---|---|
| 001 | BRCA_5559 | ||
| 005 | 20190320205130.0 | ||
| 008 | 300311t1927----nyua######---#000-0#eng-# | ||
| 041 | _aeng | ||
| 044 | _anyu | ||
| 050 | 4 |
_aNA753 _b.K55 1927 |
|
| 100 | 1 |
_aKilham, Walter H. _914189 |
|
| 245 | 1 | 0 |
_aMexican Architecture of the Vice-Regal period _cWalter H. Kilham. |
| 260 |
_aNueva York _bLongmans, Green _c1927 |
||
| 300 |
_a221 p. _bil., 84 láminas _c23 cm. |
||
| 500 | _aEdición con canto de cabeza dorado | ||
| 500 | _aF34 | ||
| 650 | 1 | 4 |
_aArquitectura _zMéxico _9596 |
| 650 | 1 | 4 |
_aArquitectura colonial _97560 |
| 650 | 1 | 4 |
_aArquitectura _xHistoria _91467 |
| 650 | 1 | 4 |
_aArquitectura religiosa _zMéxico _924 |
| 902 | _aGFM | ||
| 942 |
_2lcc _cB |
||
| 999 |
_c5253 _d5253 |
||